| 000 | 00402nam a22001577a 4500 | ||
|---|---|---|---|
| 003 | OSt | ||
| 005 | 20150420142642.0 | ||
| 008 | 150420s2015||||||||||| ||||| 0|0|||spa d | ||
| 040 |
_bcat _cCDMR |
||
| 100 | 1 |
_9849 _aRivière, Margarita |
|
| 245 | 1 | 0 |
_aClave k _cMargarita Rivière |
| 260 |
_aBarcelona _bIcaria _c2015 |
||
| 300 |
_a301 p. ; _c22 cm |
||
| 650 | 0 | 0 |
_9797 _aReportatges literaris |
| 942 |
_cMON _2udc |
||
| 999 |
_c3497 _d3497 |
||